| Tag |
First Indicator |
Second Indicator |
Subfields |
| LEADER |
00000cam a2200000 a 4500 |
| 001 |
in00000087205 |
| 005 |
20151008062835.0 |
| 008 |
780105s1967 it af bc 01010 itam |
| 010 |
|
|
|a 68030156
|
| 015 |
|
|
|a It67-7651
|
| 035 |
|
|
|a (OCoLC)03533913
|
| 035 |
|
|
|9 AAK1048AM
|
| 040 |
|
|
|a DLC
|c TJC
|d m.c.
|d TXA
|d UtOrBLW
|
| 049 |
|
|
|a TXAM
|c [1196950]
|
| 050 |
0 |
0 |
|a NC1155.B6
|b P6
|
| 082 |
0 |
|
|a 741.945
|
| 090 |
|
|
|a NC1155 B6
|b P6 1967a
|
| 100 |
1 |
|
|a Borromini, Francesco,
|d 1599-1667.
|
| 245 |
1 |
0 |
|a Disegni di Francesco Borromini /
|c Catalogo a cura di Paolo Portoghesi.
|
| 264 |
|
1 |
|a Roma :
|b De Luca,
|c 1967.
|
| 300 |
|
|
|a 33 pages, 30 unnumbered pages of plates :
|b illustrations ;
|c 24 cm.
|
| 336 |
|
|
|a text
|b txt
|2 rdacontent
|
| 337 |
|
|
|a unmediated
|b n
|2 rdamedia
|
| 338 |
|
|
|a volume
|b nc
|2 rdacarrier
|
| 500 |
|
|
|a "Mostra organizzata dall Accademia nazionale di S. Luca, in occasione del terzo centario della morte di Francesco Borromini."
|
| 504 |
|
|
|a Bibliography: page 6.
|
| 700 |
1 |
|
|a Portoghesi, Paolo.
|
| 999 |
|
|
|a MARS
|
| 999 |
f |
f |
|s bfac6468-fe51-336d-a902-cc91cd4c1624
|i a7cd2f5c-5823-3689-8eed-a0ee559807df
|t 0
|
| 952 |
f |
f |
|p normal
|a Texas A&M University
|b College Station
|c Sterling C. Evans Library
|d Evans: Library Stacks
|t 0
|e NC1155 B6 P6 1967a
|h Library of Congress classification
|i unmediated -- volume
|m A14805982432
|
| 998 |
f |
f |
|a NC1155 B6 P6 1967a
|t 0
|l Evans: Library Stacks
|